| 000 | 00443nam a22001577a 4500 | ||
|---|---|---|---|
| 005 | 20260427093146.0 | ||
| 008 | 260427b |||||||| |||| 00| 0 eng d | ||
| 020 | _a9780435902940 | ||
| 050 |
_aPR4670 _b.S55 |
||
| 100 | _aEliot, George | ||
| 245 | _aSILAS MARNER | ||
| 260 |
_aHARLOW, ENGLAND _bHEINEMANN EDUCATION LIMITED _c1993 |
||
| 300 |
_axv, 202p. _bill |
||
| 650 |
_aclassic literature _vmoral fiction and historical studies |
||
| 942 | _cBK | ||
| 999 |
_c4711 _d4711 |
||